Worst Disney Animated Movies - Statistics

General Stats
  • This quiz has been taken 28 times
    18 since last reset
  • The average score is 10 of 22
Answer Stats
IMDb Rating Animated Movie % Correct
5,7 Chicken Little
71%
6,3 The Black Cauldron
71%
5,4 Home on the Range
64%
5,7 Strange World
64%
5,9 Wish
64%
6,2 Make Mine Music
57%
6,8 Brother Bear
50%
6,2 Cars 2
43%
6,7 Cars 3
43%
6,4 Fun and Fancy
43%
6,1 Lightyear
43%
6,0 Saludos, Amigos
43%
6,3 The Three Caballeros
43%
6,4 Dinosaur
36%
6,2 Melody Time
36%
6,7 The Good Dinosaur
36%
6,8 The Rescuers Down Under
36%
6,8 Bolt
29%
6,8 Frozen 2
29%
6,8 Meet the Robinsons
29%
6,6 Oliver & Company
29%
6,7 Pocahontas
7%
No matching quizzes found
Score Distribution
Percent of People with Each Score
Percentile by Number Answered
Your Score History
You have not taken this quiz since the last reset